000 00776nam a2200217 a 4500
999 _c11830
_d11830
001 11830
003 BD-JhCC
005 20201118132006.0
008 201118b2020 bg |||| ||a| 001 0 ben d
020 _a98483094801
035 _a(BD-JhCC)11830
040 _aBD-JhCC
_dBD-JhCC
041 _aben
082 _a920
_bBAN 2020
245 _aবঙ্গবন্ধু হত্যা মামলার ঐতিহাসিক রায় বাঙালির কলঙ্কমোচন /
_cসম্পাঃ নূহ-উল-আলম লেনিন ।
260 _aঢাকা:
_bবিশ্বসাহিত্য ভবন;
_c২০২০.
300 _a271 p. :
_c22 cm.
600 _aBaṅgabandhu Mujibara Rahamāna
942 _2ddc
_cBK